| 000 | 00804nam a22002537a 4500 | ||
|---|---|---|---|
| 005 | 20170124110158.0 | ||
| 010 | _aA-896873 | ||
| 020 |
_c00.00 _a0195641566 |
||
| 035 | _aA-896873 | ||
| 037 | _bCen Lib/Ret | ||
| 040 |
_aDPL _bEN |
||
| 082 |
_a150.195 _bROT |
||
| 100 |
_aRoth, Michael S. _935443 |
||
| 245 |
_aPsycho-analysis as history : _cby Michael S. Roth _bnegation and freedom in freud / |
||
| 246 | _b | ||
| 260 |
_bOxford University Press _aNew Delhi _c1997 |
||
| 270 |
_bNew Delhi _aYMCA building, jai singh road _e110001 |
||
| 300 |
_a204p. _c19cm(Hb) |
||
| 500 | _aIncludes index | ||
| 505 | _awith a new Postscript Michael s. Roth | ||
| 650 |
_aPsychoanalysis. _935445 |
||
| 650 |
_aFreud, Sigmund, -- 1856-1939. _939108 |
||
| 942 |
_2ddc _cEN _h150.195 _mROT |
||
| 999 |
_c132676 _d132676 |
||